00998nam a22001577a 4500003000900000005001700009008004100026040001300067100001800080245015800098250000600256260005500262300002000317490001400337520048900351IT-RoPau20220918175939.0130125b xxu||||| |||| 00| 0 eng d cIT-RoPau aMerlo , Tecla aRomana. Beatificationis et Canonizationis servae Dei Theclae Merlo b(in sae. : Mariae Teresiae) Cofundatricis congr. Filiarum a S. Paulo (1894 - 1964)  aI aRomabSacra Congregatio pro causis sanctorumc1979 a545 p. +c30 cm aRomanavI aIndex positionis 1. - Informatio 2. - Tabella Index - Testium 3. - Summarium a) Depositiones testium b) Documenta 4. - Litterae postulatoriae 5. - Positio super scriptis a) Conspectus biographicus b) Index scriptorum Servae Dei c) Iudicium prioris Theologi Censoris d) Iudicium alterius Theologi Censoris e) Decretum super revisione scriptorum 6. - Votum Promotoris Generalis Fidei